=LDR 00000nam 2200000 4500 =001 INLIS000000000001790 =990 ##$$a 56.366/Pro.93 =005 20200217104446 =990 ##$$a 56.365/pro-93 =035 ##$$a 0010-061300000001790 =990 ##$$a 56.368//pro-93 =008 200217################g##########0#ind## =990 ##$$a 73.517/pro-94 =041 ##$$a Ind =990 ##$$a 73.518/pro-94 =082 ##$$a 111.8 =990 ##$$a 00030237 =090 ##$$a 700.1, Sut e =990 ##$$a 10310051 =100 ##$$a Sutrisno , FX Muji =990 ##$$a 10310049 =245 1#$$a Estetika filsafat keindahan /$c Dr. Fx. Mudji Sutrisno SJ., Prof.Dr. Christ Verhaak SJ. =990 ##$$a 10310048 =260 ##$$a Yogyakarta :$b Kanisius,$c 2002 =300 ##$$a 163 hlm. ; $c 15x21 cm. =650 #4$$a Estetika =700 #$$a Verhaak, Christ =850 ##$$a NBPNMAT =020 ##$$a 979-413-941-6 =084 ##$$a 111.8 SUT e =504 ##$$a Bibliografi : hlm. 161 - 163 =990 ##$$a 56.365/pro-93 =990 ##$$a 56.368//pro-93 =990 ##$$a 73.517/pro-94 =990 ##$$a 73.518/pro-94 =990 ##$$a 56.366/Pro.93 =990 ##$$a 00030237 =990 ##$$a 10310051 =990 ##$$a 10310049 =990 ##$$a 10310048 =990 ##$$a 00030237 =990 ##$$a 56.365/pro-93 =990 ##$$a 56.368//pro-93 =990 ##$$a 73.517/pro-94 =990 ##$$a 73.518/pro-94 =990 ##$$a 56.366/Pro.93 =990 ##$$a 10310051 =990 ##$$a 10310049 =990 ##$$a 10310048 =990 ##$$a 56.366/Pro.93 =990 ##$$a 56.365/pro-93 =990 ##$$a 56.368//pro-93 =990 ##$$a 73.517/pro-94 =990 ##$$a 73.518/pro-94 =990 ##$$a 00030237 =990 ##$$a 10310051 =990 ##$$a 10310049 =990 ##$$a 10310048 =990 ##$$a 73.518/pro-94 =990 ##$$a 56.365/pro-93 =990 ##$$a 56.368//pro-93 =990 ##$$a 73.517/pro-94 =990 ##$$a 56.366/Pro.93 =990 ##$$a 00030237 =990 ##$$a 10310051 =990 ##$$a 10310049 =990 ##$$a 10310048 =990 ##$$a 73.517/pro-94 =990 ##$$a 56.365/pro-93 =990 ##$$a 56.368//pro-93 =990 ##$$a 73.518/pro-94 =990 ##$$a 56.366/Pro.93 =990 ##$$a 00030237 =990 ##$$a 10310051 =990 ##$$a 10310049 =990 ##$$a 10310048 =990 ##$$a 56.368//pro-93 =990 ##$$a 56.365/pro-93 =990 ##$$a 73.517/pro-94 =990 ##$$a 73.518/pro-94 =990 ##$$a 56.366/Pro.93 =990 ##$$a 00030237 =990 ##$$a 10310051 =990 ##$$a 10310049 =990 ##$$a 10310048 =990 ##$$a 56.365/pro-93 =990 ##$$a 56.368//pro-93 =990 ##$$a 73.517/pro-94 =990 ##$$a 73.518/pro-94 =990 ##$$a 56.366/Pro.93 =990 ##$$a 00030237 =990 ##$$a 10310051 =990 ##$$a 10310049 =990 ##$$a 10310048